[Event "Medellin de La Raza U2000 op"]
[Site "Medellin"]
[Date "2023.10.13"]
[Round "2"]
[White "Zapata Urrego, Camilo"]
[Black "Perez Piedrahita, Jose Santiago"]
[Result "0-1"]
[WhiteElo "1139"]
[BlackElo "1407"]
[PlyCount "44"]
[EventDate "2023.10.12"]
[EventType "swiss"]
[EventRounds "9"]
[EventCountry "COL"]
[SourceTitle "Mega2024 Update 01"]
[Source "Chessbase"]
[SourceDate "2023.11.12"]
[SourceVersion "1"]
[SourceVersionDate "2023.11.12"]
[SourceQuality "1"]

1. e4 e5 2. Nf3 Nf6 3. Bc4 Nxe4 4. Nc3 Nd6 5. Nxe5 Nxc4 6. Nxc4 d5 7. Ne5 Bd6 8. Qe2 0-0 9. d4 Re8 10. 0-0 f6 11. Qh5 fxe5 12. Bg5 Be7 13. Nxd5 Bxg5 14. Nxc7 g6 15. Qf3 Qxc7 16. Qg3 Bf4 17. Qb3+ Qf7 18. Qxf7+ Kxf7 19. d5 Rd8 20. Rad1 b6 21. g3 Bh6 22. d6 Rd7 0-1

[Event "Medellin Easter op 11th"]
[Site "Medellin"]
[Date "2023.04.06"]
[Round "3"]
[White "Zapata Urrego, Camilo"]
[Black "Carrillo Montes, Isabela"]
[Result "0-1"]
[WhiteElo "1394"]
[BlackElo "1331"]
[PlyCount "71"]
[EventDate "2023.04.05"]
[EventType "swiss"]
[EventRounds "7"]
[EventCountry "COL"]
[SourceTitle "CBM 213 Extra"]
[Source "ChessBase"]
[SourceDate "2023.05.31"]
[SourceVersion "1"]
[SourceVersionDate "2023.05.31"]
[SourceQuality "1"]

1. e4 c6 2. d4 d5 3. e5 Bf5 4. g4 Bg6 5. Bd3 Bxd3 6. Qxd3 e6 7. Nc3 Nd7 8. Be3 Be7 9. 0-0-0 Qc7 10. Kb1 0-0-0 11. Nf3 h6 12. g5 hxg5 13. Nxg5 Rf8 14. Rhg1 g6 15. f4 Nh6 16. Ne2 Nf5 17. Ng3 Nxe3 18. Qxe3 c5 19. c3 Kb8 20. Qe2 Qb6 21. c4 cxd4 22. cxd5 exd5 23. Nxf7 Rhg8 24. e6 Nc5 25. Nh6 Rh8 26. Nf7 Rhg8 27. f5 Na4 28. fxg6 Nc3+ 29. Ka1 Nxe2 30. Nxe2 Qxe6 31. Rge1 Qxg6 32. Ne5 Qd6 33. Nxd4 Bf6 34. Nb5 Qb4 35. Nd7+ Ka8 36. Nxf8 0-1